Online
Catalog

Pedestales : (Record no. 22002)

MARC details
000 -CABECERA
campo de control de longitud fija 01320nam a2200301 a 4500
001 - NÚMERO DE CONTROL
campo de control 000022504
003 - IDENTIFICADOR DEL NÚMERO DE CONTROL
campo de control DO-SdBNP
005 - FECHA Y HORA DE LA ÚLTIMA TRANSACCIÓN
campo de control 20240927073747.0
008 - DATOS DE LONGITUD FIJA--INFORMACIÓN GENERAL
campo de control de longitud fija 101012s1979 sp ac r 001 scspa d
020 ## - NÚMERO INTERNACIONAL ESTÁNDAR DEL LIBRO
Número Internacional Estándar del Libro 8449926548
040 ## - FUENTE DE LA CATALOGACIÓN
Centro catalogador/agencia de origen DO-SdBNP
Lengua de catalogación spa
Centro/agencia transcriptor BNPHU
082 ## - NÚMERO DE LA CLASIFICACIÓN DECIMAL DEWEY
Número de clasificación RD865.44
Número de documento/Ítem B171p
100 1# - ENTRADA PRINCIPAL--NOMBRE DE PERSONA
Nombre de persona Balaguer, Joaquín,
Fechas asociadas al nombre 1906-2002
9 (RLIN) 76556
245 10 - MENCIÓN DE TÍTULO
Título Pedestales :
Resto del título discursos históricos /
Mención de responsabilidad, etc. Joaquín Balaguer.
260 ## - PUBLICACIÓN, DISTRIBUCIÓN, ETC.
Lugar de publicación, distribución, etc. Santo Domingo :
Nombre del editor, distribuidor, etc. [s.n.],
Fecha de publicación, distribución, etc. 1979.
Lugar de fabricación/manufactura Barcelona :
300 ## - DESCRIPCIÓN FÍSICA
Extensión 167 p. :
Otras características físicas il., retrs. ;
Dimensiones 23 cm.
490 1# - MENCIÓN DE SERIE
Mención de serie Discursos
Designación de volumen o secuencia 6
505 0# - NOTA DE CONTENIDO CON FORMATO
Título Invocación a Duarte --
-- José Martí --
-- Simón Bolívar --
-- Benito Juárez --
-- José de San Martín --
-- Juan Pablo Duarte --
-- Fabio Fiallo --
-- Salomé Ureña --
-- Gastón F. Deligne --
-- Pedro Santana.
590 ## - NOTA LOCAL (RLIN)
Nota local Inventariado, 2019/MFF
650 14 - PUNTO DE ACCESO ADICIONAL DE MATERIA--TÉRMINO DE MATERIA
Término de materia o nombre geográfico como elemento de entrada Discursos presidenciales
9 (RLIN) 10061
650 #4 - PUNTO DE ACCESO ADICIONAL DE MATERIA--TÉRMINO DE MATERIA
Término de materia o nombre geográfico como elemento de entrada Intelectuales
Subdivisión geográfica América Latina
Subdivisión general Ensayos, conferencias, etc.
9 (RLIN) 31869
650 14 - PUNTO DE ACCESO ADICIONAL DE MATERIA--TÉRMINO DE MATERIA
Término de materia o nombre geográfico como elemento de entrada Libertadores
Subdivisión geográfica América Latina
Subdivisión general Ensayos, conferencias, etc.
9 (RLIN) 46352
651 14 - PUNTO DE ACCESO ADICIONAL DE MATERIA--NOMBRE GEOGRÁFICO
Nombre geográfico República Dominicana
Subdivisión general Historia
-- Ensayos, conferencias, etc.
9 (RLIN) 7095
651 14 - PUNTO DE ACCESO ADICIONAL DE MATERIA--NOMBRE GEOGRÁFICO
Nombre geográfico República Dominicana
Subdivisión general Presidente(1966-1978: Balaguer{Rpara}
-- Ensayos, conferencias, etc.
9 (RLIN) 46353
830 #0 - PUNTO DE ACCESO ADICIONAL DE SERIE-TÍTULO UNIFORME
Título uniforme Discursos
Designación de volumen o secuencia 6
9 (RLIN) 12120
910 ## - DATOS DE OPCIÓN DEL USUARIO (OCLC)
Datos de opción del usuario Validado. Control de calidad EMS
942 ## - ELEMENTOS DE PUNTO DE ACCESO ADICIONAL (KOHA)
Fuente del sistema de clasificación o colocación Dewey Decimal Classification
Tipo de ítem Koha Libro
Holdings
Estado de retiro Estado de pérdida Restricciones de uso No para préstamo Código de colección Localización permanente Ubicación/localización actual Ubicación en estantería Fecha de adquisición Número de inventario Total de préstamos Signatura topográfica completa Código de barras Fecha visto por última vez Número de copia Precio válido a partir de Tipo de ítem Koha Nota pública
        Monografías: Libros y Folletos General General Depósito 12.10.2010 LF1   RD865.44 B171p 22504-30 25.06.2020 e.3 25.06.2020 Préstamo en sala  
        Monografías: Libros y Folletos General General Depósito 12.10.2010 LF1   RD865.44 B171p 22504-40 25.06.2020 e.4 25.06.2020 Préstamo en sala  
      Excluido de préstamo Monografías: Libros y Folletos Patrimonio Dominicano Patrimonio Dominicano Depósito 12.10.2010 LF1   RD865.44 B171p 22504-10 25.06.2020   25.06.2020 No se presta  
      Excluido de préstamo Monografías: Libros y Folletos Patrimonio Dominicano Patrimonio Dominicano Depósito 12.10.2010 LF1   RD865.44 B171p 22504-20 25.06.2020 e.2 25.06.2020 No se presta  
        Monografías: Libros y Folletos Patrimonio Dominicano Patrimonio Dominicano Depósito 14.08.2019 LF1   RD865.44 B171p 22504-50 25.06.2020 e.5 25.06.2020 Préstamo en sala Perteneció a la biblioteca personal de Familia Reyes Duluc

Powered by Koha